| 000 | 00418nam a2200181Ia 4500 | ||
|---|---|---|---|
| 008 | 220531s9999 xx 000 0 und d | ||
| 041 | _aeng | ||
| 082 | _bENG / SHA | ||
| 100 |
_aSharma, S. R. _982947 |
||
| 245 | _aEnglish Epic | ||
| 250 | _a1ST | ||
| 260 |
_aAgra _bCurrent _c2012 |
||
| 300 | _a452 | ||
| 542 | _d10-07-2018 | ||
| 650 |
_aEpic _982948 |
||
| 906 |
_d2018-2019 _f12833 |
||
| 999 |
_c45718 _d45718 |
||